The Netherlands - Record International Players - Statistics

General Stats
  • This quiz has been taken 245 times
  • The average score is 17 of 30
Answer Stats
# Player Matches % Correct
7 Robin van Persie 101
90%
9 Arjen Robben 89
89%
1 Edwin van der Sar 129
89%
2 Wesley Sneijder 126
86%
29 Ruud Gullit 66
75%
26 Ruud van Nistelrooy 70
71%
3 Frank de Boer 112
69%
28 Ronald de Boer 67
69%
18 Dennis Bergkamp 79
66%
12 Clarence Seedorf 86
65%
23 Frank Rijkaard 73
64%
4 Rafael van der Vaart 109
62%
16 Nigel de Jong 81
61%
20 Ronald Koeman 78
61%
17 Patrick Kluivert 79
59%
6 Dirk Kuyt 105
56%
5 Giovanni van Bronckhorst 106
56%
19 Mark van Bommel 79
54%
22 Edgar Davids 74
53%
30 Jaap Stam 66
53%
21 Klaas-Jan Huntelaar 76
48%
11 Marc Overmars 86
47%
8 Phillip Cocu 100
44%
10 Johnny Heitinga 87
39%
24 Hans van Breukelen 73
31%
14 Joris Mathijsen 84
28%
25 Michael Reiziger 71
28%
15 Ruud Krol 83
27%
13 Aron Winter 84
21%
27 Jan Wouters 70
13%
No matching quizzes found
Score Distribution
Percent of People with Each Score
Percentile by Number Answered
Your Score History
You have not taken this quiz